<?xml version="1.0" encoding="UTF-8"?>
<record
    xmlns:xsi="http://www.w3.org/2001/XMLSchema-instance"
    xsi:schemaLocation="http://www.loc.gov/MARC21/slim http://www.loc.gov/standards/marcxml/schema/MARC21slim.xsd"
    xmlns="http://www.loc.gov/MARC21/slim">

  <leader>02325nam a2200217 u 4500</leader>
  <controlfield tag="001">000027249</controlfield>
  <controlfield tag="003">DO-SdBNP</controlfield>
  <controlfield tag="005">20250218095630.0</controlfield>
  <controlfield tag="007">ta</controlfield>
  <controlfield tag="008">100810s2010    dr      r     000 0 spa d</controlfield>
  <datafield tag="020" ind1=" " ind2=" ">
    <subfield code="a">9789945870770</subfield>
  </datafield>
  <datafield tag="040" ind1=" " ind2=" ">
    <subfield code="a">DO-SdBNP</subfield>
    <subfield code="b">spa</subfield>
    <subfield code="c">BNPHU</subfield>
  </datafield>
  <datafield tag="082" ind1=" " ind2="4">
    <subfield code="b">C719</subfield>
    <subfield code="2">22</subfield>
  </datafield>
  <datafield tag="245" ind1="0" ind2="0">
    <subfield code="a">Coloquios 2009 /</subfield>
    <subfield code="c">&#xC1;ngel Ortega ... [et al].</subfield>
  </datafield>
  <datafield tag="260" ind1=" " ind2=" ">
    <subfield code="a">Santo Domingo :</subfield>
    <subfield code="b">Direcci&#xF3;n Nacional de la Feria del Libro.</subfield>
    <subfield code="c">2010.</subfield>
  </datafield>
  <datafield tag="300" ind1=" " ind2=" ">
    <subfield code="a">240 p. :</subfield>
    <subfield code="b">il. ;</subfield>
    <subfield code="c">23 cm.</subfield>
  </datafield>
  <datafield tag="505" ind1="0" ind2=" ">
    <subfield code="a">Mujer y literatura: personajes y g&#xE9;nero en los cuentos de Clarice Lispector/ &#xC1;ngel Ortega --- Juan Bosch, el historiador/ Jes&#xFA;s M&#xE9;ndez Jimini&#xE1;n -- Una d&#xE9;cada de narrativa en la literatura infantil y juvenil dominicana (1981-1990)/Juilo Cuevas -- El concretismo y la poes&#xED;a brasile&#xF1;a/ Enrique Eusebio -- Las novelas de Juan Bosch vistas por un novelista/ Manuel Salvador Gautier -- Do&#xF1;a Flor y dos maridos o la sublimidad de lo com&#xFA;n/ S&#xE9;lvido Candelaria -- Literatura brasile&#xF1;a en el contexto de las letras latinoamericana/S&#xE9;lvido Candelaria -- Trazos acerca de la oralidad en un cuento de Joao Guimareas Rosa/ Jos&#xE9; Enrique Garc&#xED;a -- El concretismo brasile&#xF1;o y su ling&#xFC;&#xED;stico/Plinio Chah&#xED;n -- Bosch, sus cuentos y la memoria/Armando Alm&#xE1;nzar R. -- Bosch y el cuento/Arturo Rodr&#xED;guez Fern&#xE1;ndez-- Entre el taller literario C&#xE9;sar Vallejo y la Generaci&#xF3;n de 80/Juan Byron -- Juntacad&#xE1;veres: consolidaci&#xF3;n de la saga onettiana/Nan Chevalier -- el pozo de Onetti/ M&#xE1;ximo Vega -- El C&#xE9;sar Vallejo y los ochenta: una historia desigual/ C&#xE9;sar Zapata -- Clarice Lispector o la imposibilidad de sofocar la ternura del espanto/ &#xC1;ngela Hern&#xE1;ndez -- La m&#xFA;sica brasile&#xF1;a en la sala puertorrique&#xF1;a/Alberto Mart&#xED;nez-M&#xE1;rquez -- Juan Bosch: ensayismo democr&#xE1;tico, pr&#xE1;ctica hist&#xF3;rico-pol&#xED;tica y vertiente cultural/Odal&#xED;s G. P&#xE9;rez -- Hilda Hilst abandona la vida disonante para comprender la m&#xFA;sica de la muerte/Cristiane Grando -- Juan Carlos Onetty y los territorios del cuento hispanoamericano/ Eugenio Camacho -- Nostalgia, iron&#xED;a y huellas semiautobiogr&#xE1;ficas en La Ma&#xF1;osa/Eugenio Garc&#xED;a Cuevas -- Juan Bosch: el cuentista/Clara Jorge -- La m&#xFA;sica brasile&#xF1;a: memoria de un dominicana/Jos&#xE9; G. Guerrero.</subfield>
  </datafield>
  <datafield tag="590" ind1=" " ind2=" ">
    <subfield code="a">Inventariado, 2020 /LP</subfield>
  </datafield>
  <datafield tag="700" ind1="1" ind2=" ">
    <subfield code="a">Ortega, &#xC1;ngel</subfield>
    <subfield code="9">24066</subfield>
  </datafield>
  <datafield tag="942" ind1=" " ind2=" ">
    <subfield code="2">ddc</subfield>
    <subfield code="c">LBS1</subfield>
  </datafield>
  <datafield tag="952" ind1=" " ind2=" ">
    <subfield code="0">0</subfield>
    <subfield code="1">0</subfield>
    <subfield code="2">ddc</subfield>
    <subfield code="5">6</subfield>
    <subfield code="7">0</subfield>
    <subfield code="8">DS</subfield>
    <subfield code="a">BNPHU</subfield>
    <subfield code="b">BNPHU</subfield>
    <subfield code="c">HD</subfield>
    <subfield code="d">2011-03-30</subfield>
    <subfield code="o">BNPHU DS C719</subfield>
    <subfield code="p">27249-30</subfield>
    <subfield code="r">2020-06-25</subfield>
    <subfield code="t">e. 3</subfield>
    <subfield code="w">2020-06-25</subfield>
    <subfield code="y">LBS1</subfield>
  </datafield>
  <datafield tag="952" ind1=" " ind2=" ">
    <subfield code="0">0</subfield>
    <subfield code="1">0</subfield>
    <subfield code="2">ddc</subfield>
    <subfield code="5">1</subfield>
    <subfield code="7">0</subfield>
    <subfield code="8">PD</subfield>
    <subfield code="a">BNPHU</subfield>
    <subfield code="b">BNPHU</subfield>
    <subfield code="c">HD</subfield>
    <subfield code="d">2011-03-30</subfield>
    <subfield code="o">BNPHU DS  C719</subfield>
    <subfield code="p">27249-10</subfield>
    <subfield code="r">2020-06-25</subfield>
    <subfield code="w">2020-06-25</subfield>
    <subfield code="y">LBS1</subfield>
  </datafield>
  <datafield tag="952" ind1=" " ind2=" ">
    <subfield code="0">0</subfield>
    <subfield code="1">0</subfield>
    <subfield code="2">ddc</subfield>
    <subfield code="5">1</subfield>
    <subfield code="7">0</subfield>
    <subfield code="8">PD</subfield>
    <subfield code="a">BNPHU</subfield>
    <subfield code="b">BNPHU</subfield>
    <subfield code="c">HD</subfield>
    <subfield code="d">2011-03-30</subfield>
    <subfield code="o">BNPHU PD C719</subfield>
    <subfield code="p">27249-20</subfield>
    <subfield code="r">2020-06-25</subfield>
    <subfield code="t">e. 2</subfield>
    <subfield code="w">2020-06-25</subfield>
    <subfield code="y">LBS1</subfield>
  </datafield>
  <datafield tag="952" ind1=" " ind2=" ">
    <subfield code="0">0</subfield>
    <subfield code="1">0</subfield>
    <subfield code="2">ddc</subfield>
    <subfield code="5">6</subfield>
    <subfield code="7">0</subfield>
    <subfield code="8">DS</subfield>
    <subfield code="a">BNPHU</subfield>
    <subfield code="b">BNPHU</subfield>
    <subfield code="c">HD</subfield>
    <subfield code="d">2020-12-15</subfield>
    <subfield code="e">Donaci&#xF3;n</subfield>
    <subfield code="o">BNPHU DS C719</subfield>
    <subfield code="p">2020-0753</subfield>
    <subfield code="r">2020-12-15</subfield>
    <subfield code="t">e. 4</subfield>
    <subfield code="w">2020-12-15</subfield>
    <subfield code="y">LBS1</subfield>
  </datafield>
  <datafield tag="952" ind1=" " ind2=" ">
    <subfield code="0">0</subfield>
    <subfield code="1">0</subfield>
    <subfield code="2">ddc</subfield>
    <subfield code="5">6</subfield>
    <subfield code="7">0</subfield>
    <subfield code="8">DS</subfield>
    <subfield code="a">BNPHU</subfield>
    <subfield code="b">BNPHU</subfield>
    <subfield code="c">CT</subfield>
    <subfield code="d">2023-02-01</subfield>
    <subfield code="e">Donaci&#xF3;n</subfield>
    <subfield code="l">0</subfield>
    <subfield code="o">BNPHU DS C719</subfield>
    <subfield code="p">2023-0526</subfield>
    <subfield code="r">2023-02-01</subfield>
    <subfield code="t">e.5</subfield>
    <subfield code="w">2023-02-01</subfield>
    <subfield code="y">LBS1</subfield>
  </datafield>
  <datafield tag="999" ind1=" " ind2=" ">
    <subfield code="c">26741</subfield>
    <subfield code="d">26741</subfield>
  </datafield>
</record>
